Statistics for Anne With An E Characters

Click here to take the quiz!

General Stats

  • This quiz has been taken 522 times
  • The average score is 15 of 35

Answer Stats

SurnameForename% Correct
Shirley-CuthbertAnne
99%
BlytheGilbert
95%
BarryDiana
87%
CutthbertMatthew
83%
CuthbertMarilla
81%
PyeJosie
72%
GillisRuby
71%
AndrewsBilly
67%
BarryMinnie-May
60%
LyndeRachel
57%
LacroixMary
55%
AndrewsPrissy
55%
MackenzieCole
51%
BaynardJerry
51%
LacroixSebastian
51%
SpurgeonMoody
46%
AndrewsJane
45%
BarryJosephine
45%
SloaneCharlie
40%
BlytheJohn
37%
LacroixDelphine
31%
StaceyMuriel
31%
BoulterTillie
31%
LyndeThomas
28%
BarryEliza
26%
CuthbertMichael
26%
ShirleyBertha
25%
ShirleyWalter
23%
BarryWilliam
21%
HanfordElijah
18%
RoseWinifred
18%
AndrewsHarmon
9%
LacroixHazel
5%
PippettJeanie
1%
RoseNigel
1%

Score Distribution

Percentile by Number Answered

Percent of People with Each Score

Your Score History

You have not taken this quiz